Schweizer Schriften zum Handels- und Wirtschaftsrecht
| Medienart: | Druck Schriftenreihe/Zeitschrift |
|---|---|
| Sprache: | Deutsch |
| Veröffentlicht: |
Zürich St. Gallen
Dike-Verl.
1973-
Zürich Dike teils Zürich Schulthess 1973-2006 |
| In: | Jahr: 1973 |
| Verfügbarkeit prüfen: | HBZ Gateway |
| Bände / Aufsätze: | Bände / Aufsätze anzeigen. |
| Schlagwörter: |
MARC
| LEADER | 00000cas a2200000 c 4500 | ||
|---|---|---|---|
| 001 | 130209317 | ||
| 003 | DE-627 | ||
| 005 | 20260207114729.0 | ||
| 007 | tu | ||
| 008 | 931116c19739999sz z| m| 0 |0ger c | ||
| 015 | |a 07,A38,0544 |2 dnb | ||
| 016 | 7 | |a 012875139 |2 DE-101 | |
| 016 | 7 | |a 534210-7 |2 DE-600 | |
| 035 | |a (DE-627)130209317 | ||
| 035 | |a (DE-576)015754553 | ||
| 035 | |a (DE-599)ZDB534210-7 | ||
| 035 | |a (OCoLC)1367742426 | ||
| 040 | |a DE-627 |b ger |c DE-627 |e rakwb | ||
| 041 | |a ger | ||
| 044 | |c XA-CH | ||
| 082 | 0 | 4 | |a 340 |a 330 |q DE-101 |
| 082 | 0 | 4 | |a 340 |q DE-600 |
| 084 | |a 2 |2 ssgn | ||
| 084 | |a 86.24 |2 bkl | ||
| 084 | |a 86.65 |2 bkl | ||
| 245 | 0 | 0 | |a Schweizer Schriften zum Handels- und Wirtschaftsrecht |
| 246 | 1 | |i Nebent.: |a SSHW | |
| 247 | 1 | 0 | |a Études suisses de droit commercial et de droit des affaires |f Parallelsacht. teils |
| 264 | 3 | 1 | |a Zürich |a St. Gallen |b Dike-Verl. |c 1973- |
| 264 | 2 | 1 | |a Zürich |b Dike |c teils |
| 264 | 2 | 1 | |a Zürich |b Schulthess |c 1973-2006 |
| 336 | |a Text |b txt |2 rdacontent | ||
| 337 | |a ohne Hilfsmittel zu benutzen |b n |2 rdamedia | ||
| 338 | |a Band |b nc |2 rdacarrier | ||
| 362 | 0 | |a 1.1973 - | |
| 363 | 0 | 1 | |i 1973 |
| 515 | |a Ersch. unregelmäßig | ||
| 655 | 7 | |a Monografische Reihe |0 (DE-588)4179998-7 |0 (DE-627)104628669 |0 (DE-576)209995106 |2 gnd-content | |
| 689 | 0 | 0 | |d s |0 (DE-588)4023249-9 |0 (DE-627)106304739 |0 (DE-576)208948279 |a Handelsrecht |2 gnd |
| 689 | 0 | 1 | |d s |0 (DE-588)4066510-0 |0 (DE-627)106113305 |0 (DE-576)209164875 |a Wirtschaftsrecht |2 gnd |
| 689 | 0 | |5 (DE-627) | |
| 889 | |w (DE-603)186199317 | ||
| 935 | |i sdedup20220905 | ||
| 936 | b | k | |a 86.24 |j Handelsrecht |0 (DE-627)106413449 |
| 936 | b | k | |a 86.65 |j Wirtschaftsrecht |0 (DE-627)106422367 |
| 936 | s | n | |a p100 |2 mzub |
| 936 | s | n | |a q100 |2 mzub |
| 951 | |a ST | ||
| ELC | |b 1 | ||
| LOK | |0 000 xxxxxcx a22 zn 4500 | ||
| LOK | |0 001 2481543882 | ||
| LOK | |0 003 DE-627 | ||
| LOK | |0 004 130209317 | ||
| LOK | |0 005 20010116000000 | ||
| LOK | |0 008 880816||||||||||||||||ger||||||| | ||
| LOK | |0 040 |a DE-21 |c DE-627 |d DE-21 | ||
| LOK | |0 852 |a DE-21 | ||
| LOK | |0 852 1 |9 00 | ||
| LOK | |0 866 |x NAK | ||
| LOK | |0 939 |a 16-08-88 |b l01 | ||
| LOK | |0 000 xxxxxcx a22 zn 4500 | ||
| LOK | |0 001 2481543890 | ||
| LOK | |0 003 DE-627 | ||
| LOK | |0 004 130209317 | ||
| LOK | |0 005 20010123000000 | ||
| LOK | |0 008 960605||||||||||||||||ger||||||| | ||
| LOK | |0 040 |a DE-21-24 |c DE-627 |d DE-21-24 | ||
| LOK | |0 852 |a DE-21-24 | ||
| LOK | |0 852 1 |m p |9 00 | ||
| LOK | |0 938 |k p | ||
| LOK | |0 939 |a 05-06-96 |b l01 | ||
| LOK | |0 000 xxxxxcx a22 zn 4500 | ||
| LOK | |0 001 2481543904 | ||
| LOK | |0 003 DE-627 | ||
| LOK | |0 004 130209317 | ||
| LOK | |0 005 20010123000000 | ||
| LOK | |0 008 901116||||||||||||||||ger||||||| | ||
| LOK | |0 040 |a DE-21-19 |c DE-627 |d DE-21-19 | ||
| LOK | |0 852 |a DE-21-19 | ||
| LOK | |0 852 1 |m p |9 00 | ||
| LOK | |0 938 |k p | ||
| LOK | |0 939 |a 16-11-90 |b l01 | ||
| LOK | |0 000 xxxxxcx a22 zn 4500 | ||
| LOK | |0 001 2481544285 | ||
| LOK | |0 003 DE-627 | ||
| LOK | |0 004 130209317 | ||
| LOK | |0 005 19950721000000 | ||
| LOK | |0 008 950721||||||||||||||||ger||||||| | ||
| LOK | |0 040 |a DE-Frei85 |c DE-627 |d DE-Frei85 | ||
| LOK | |0 852 |a DE-Frei85 | ||
| LOK | |0 852 1 |m p |9 00 | ||
| LOK | |0 938 |k p | ||
| LOK | |0 939 |a 21-07-95 |b l01 | ||
| ORI | |a SA-MARC-krimdokb001.raw | ||
| SPR | |a 1 |t KRI | ||
